000 00627nam a22001337a 4500
040 _cRUA
082 _aFIS MAM 2009 B181 Or.1
100 _aMAM, SOTHEA.
245 _aSemi-arifical breeding of trichogaster pectoralis by using hormone hcg, ការផលិតកូនត្រីកន្ធតាមបែបពាក់កណ្តាលសិប្បនិម្មិតដោយប្រើប្រាស់អ័រម៉ូន hcg
260 _aPhnom Penh
_bRUA
_c2009
300 _axi; 47p.
_bill.
_c29cm.
856 _uhttps://drive.google.com/file/d/18giFrCCBMgguNyHOuP0oR9GWogbC-L86/view?usp=sharing
942 _cFIS
999 _c3952
_d3952